|
|
|
|
| LEADER |
00000nam a22000007a 4500 |
| 005 |
20210927213934.0 |
| 007 |
cr|||| |||| |
| 008 |
210927s2019 eu |||||s|||| 00||0 eng d |
| 020 |
|
|
|a 978-92-9482-233-8
|
| 035 |
|
|
|a 33897
|
| 040 |
|
|
|a vLex
|
| 090 |
|
|
|c 12429
|d 12429
|
| 245 |
0 |
0 |
|a Risk assessment and management of intimate partner violence in the EU
|h [Recurso electrn̤ico] /
|
| 256 |
|
|
|a Servicio en ln̕ea
|
| 260 |
|
|
|a Bruselas:
|b European Union Publications Office,
|c 2019
|
| 300 |
|
|
|a 1 recurso electrn̤ico
|
| 500 |
|
|
|a Intimate partner violence is the most widespread form of violence against women, and rarely consists of a single event but rather repeated acts of abuse. It has been characterised as a severe and escalating form of violence consisting of multiple forms of abuse, terrorisation and threats, and increasingly possessive and controlling behaviour on the part of the abuser. As a result, female victims of violence have multiple and diverse needs that have to be tackled. One of their top three needs is to be protected from further victimisation.
|
| 506 |
1 |
|
|a Disponible solo en los productos indicados
|d vLex Global
|d vLex Global (Academic Edition, excluding Law Schools)
|d vLex Global (U.S. Academic Edition, Law Schools)
|d vLex Global (U.S. Academic Edition, excluding Law Schools)
|d vLex Global (Academic Edition, Law Schools)
|
| 650 |
0 |
4 |
|a Derecho Comunitario
|z Unin̤ Europea
|
| 650 |
0 |
4 |
|a Derecho Pb︢lico y Administrativo
|z Unin̤ Europea
|
| 740 |
0 |
|
|a vLex Libros (Servicio en ln̕ea)
|
| 856 |
4 |
0 |
|u https://app.vlex.com/#/sources/33897
|z Acceso restringido
|
| 942 |
|
|
|c BOOK
|
| 999 |
0 |
4 |
|a Community Law
|
| 999 |
0 |
4 |
|a Public and Administrative Law
|